Una casa en el Barrio del Carmen /
Zapisane w:
| 1. autor: | |
|---|---|
| Format: | Nieznany |
| Język: | Spanish |
| Wydane: |
San José, Costa Rica:
Costa Rica,
1984.
|
| Wydanie: | [3. edición] |
| Seria: | Colección xxv Aniversario
19 |
| Hasła przedmiotowe: | |
| Etykiety: |
Dodaj etykietę
Nie ma etykietki, Dołącz pierwszą etykiete!
|
MARC
| LEADER | 000000000a22000000004500 | ||
|---|---|---|---|
| 001 | 001950 | ||
| 008 | 160412s1984 c ||||| |||| 00| f spa d | ||
| 020 | |a 9977230951 | ||
| 041 | 0 | |a español | |
| 082 | |a CR863.4 |b C235c3 | ||
| 100 | 1 | |a Cañas Escalante, Alberto F., |d 1917-2014 | |
| 245 | 1 | 4 | |a Una casa en el Barrio del Carmen / |c Alberto Cañas Escalante |
| 250 | |a [3. edición] | ||
| 260 | |a San José, Costa Rica: |b Costa Rica, |c 1984. | ||
| 300 | |a 124 páginas | ||
| 490 | 1 | |a Colección xxv Aniversario |v 19 | |
| 500 | |a Número de inscripción 01041 | ||
| 650 | 1 | 4 | |a LITERATURA COSTARRICENSE |v NOVELA |
| 942 | |2 ddc |c BK | ||
| 999 | |c 2835 |d 2835 | ||



